Vývoj a perspektívy obchodných vzťahov medzi Slovenskou republikou a Českou republikou diplomová práca

Salvato in:
Dettagli Bibliografici
Autore principale: Šoltésová, Sofia
Ente Autore: Obchodná fakulta EU. Katedra medzinárodného obchodu
Altri autori: Zubaľová, Ľubica, 1969-
Natura: Libro
Lingua:slovacco
Pubblicazione: Bratislava 2024
Tags: Aggiungi Tag
Nessun Tag, puoi essere il primo ad aggiungerne!!

MARC

LEADER 00000nbm a2200000 4500
001 0302239
005 20250808111256.4
041 0 |a slo 
044 |a SK 
245 1 0 |a Vývoj a perspektívy obchodných vzťahov medzi Slovenskou republikou a Českou republikou  |b diplomová práca  |c Sofia Šoltésová ; školiteľ: Ľubica Zubaľová 
264 1 |a Bratislava  |c 2024 
300 |a 66 s. 
100 1 |a Šoltésová, Sofia 
700 1 |a Zubaľová, Ľubica, 1969- 
710 2 |a Obchodná fakulta EU. Katedra medzinárodného obchodu